Statistiques concernant Chelsea Féminines - Effectif 2022/2023

Cliquez ici pour prendre le quiz!

Statistiques générales

  • Ce quiz a été pris 32 fois
  • Le résultat moyen est 13 sur 25

Statistiques - réponses

NationalitéPosteJoueuse% Correct
AustralieASamantha Kerr
100%
FranceDEve Perisset
85%
AngleterreALauren James
85%
AllemagneGAnn-Katrin Berger
77%
NorvègeMGuro Reiten
77%
EcosseMErin Cuthbert
69%
DanemarkMPernille Harder
69%
AngleterreAFran Kirby
62%
CanadaDKadeisha Buchanan
62%
SuèdeDMagdalena Eriksson
62%
AngleterreDMillie Bright
62%
SuèdeGZecira Musovic
62%
AngleterreDJessica Carter
54%
CanadaMJessie Fleming
46%
AngleterreDNiamh Charles
46%
SerbieMJelena Cankovic
38%
SuèdeAJohanna Rytting Kaneryd
38%
NorvègeDMaren Mjelde
38%
Pays de GallesMSophie Ingle
38%
AngleterreABethany England
31%
AllemagneMMelanie Leupolz
31%
Pays-BasDAniek Nouwen
15%
RussieDAlsu Abdullina
8%
AngleterreGEmily Orman
8%
République TchèqueMKaterina Svitkova
8%

Distribution des résultats

Percentile par nombre de réponses

% des personnes avec chaque résultat

Votre développement - résultats

Vous n’avez pas pris ce quiz